[Event "Bundesliga 2223"]
[Site "Germany"]
[Date "2023.02.26"]
[Round "9.2"]
[White "Ivanisevic, Ivan"]
[Black "Delchev, Aleksander"]
[Result "0-1"]
[WhiteElo "2547"]
[BlackElo "2503"]
[PlyCount "132"]
[EventDate "2022.10.21"]
[EventType "team-tourn"]
[EventRounds "15"]
[EventCountry "GER"]
[SourceTitle "CBM 213 Extra"]
[Source "ChessBase"]
[SourceDate "2023.05.31"]
[SourceVersion "1"]
[SourceVersionDate "2023.05.31"]
[SourceQuality "1"]
[WhiteTeam "Schoenaich"]
[BlackTeam "Deggendorf"]
[WhiteTeamCountry "GER"]
[BlackTeamCountry "GER"]

1. d4 Nf6 2. c4 g6 3. g3 c6 4. Bg2 d5 5. Qa4 Nfd7 6. cxd5 Nb6 7. Qd1 cxd5 8. Nc3 Bg7 9. Nf3 Nc6 10. 0-0 0-0 11. Bf4 Bf5 12. h3 Rc8 13. g4 Be4 14. e3 Bxf3 15. Qxf3 e6 16. Rfc1 Qe7 17. Qe2 Rfd8 18. a3 a6 19. Bg3 Na5 20. Rd1 Qd7 21. Rd3 Na4 22. e4 Nxc3 23. bxc3 Qb5 24. a4 Qb3 25. Qe1 Nc4 26. Rb1 Qc2 27. Rdd1 Rd7 28. Ra1 Bf8 29. Rdc1 Qd2 30. exd5 exd5 31. Rd1 Qxe1+ 32. Rxe1 Ba3 33. Re2 Bb2 34. Rae1 Bxc3 35. Re8+ Rxe8 36. Rxe8+ Kg7 37. h4 Bxd4 38. h5 g5 39. Bf1 Nd6 40. Be5+ Bxe5 41. Rxe5 Ne4 42. Bd3 f6 43. Re8 Nd6 44. Rb8 f5 45. gxf5 Kf6 46. Kf1 Rf7 47. Rd8 Nxf5 48. Ke2 Nd4+ 49. Kd2 Ke5 50. Rh8 Rxf2+ 51. Kc3 Ne6 52. Rxh7 Nf4 53. Bb1 d4+ 54. Kb3 Rf1 55. Kb2 d3 56. Rd7 Nxh5 57. Bxd3 Rf2+ 58. Kc3 Nf4 59. Bc4 g4 60. Rg7 Rf3+ 61. Kd2 Kd4 62. Bg8 g3 63. Rd7+ Kc5 64. Rc7+ Kd6 65. Rg7 g2 66. Bc4 Ke5 0-1

[Event "Bundesliga 2223"]
[Site "Germany"]
[Date "2022.11.26"]
[Round "3.2"]
[White "Ragger, Markus"]
[Black "Delchev, Aleksander"]
[Result "1/2-1/2"]
[WhiteElo "2632"]
[BlackElo "2503"]
[PlyCount "64"]
[EventDate "2022.10.21"]
[EventType "team-tourn"]
[EventRounds "15"]
[EventCountry "GER"]
[SourceTitle "CBM 211"]
[Source "ChessBase"]
[SourceDate "2022.12.31"]
[SourceVersion "1"]
[SourceVersionDate "2022.12.31"]
[SourceQuality "1"]
[WhiteTeam "Solingen"]
[BlackTeam "Deggendorf"]
[WhiteTeamCountry "GER"]
[BlackTeamCountry "GER"]

1. e4 c5 2. Nf3 Nc6 3. Bb5 d6 4. 0-0 Bd7 5. Re1 a6 6. Bxc6 Bxc6 7. d4 cxd4 8. Nxd4 Rc8 9. b3 Nf6 10. Nxc6 Rxc6 11. c4 e6 12. Bb2 Be7 13. Nc3 0-0 14. a4 Nd7 15. Rc1 Bg5 16. Rb1 Bf6 17. Ne2 Bxb2 18. Rxb2 Qa5 19. Nd4 Rc7 20. Qd2 Qxd2 21. Rxd2 Nc5 22. Re3 g6 23. f3 Rb8 24. Nc2 b5 25. axb5 axb5 26. Rxd6 bxc4 27. bxc4 Rb2 28. Re2 Nb3 29. Nd4 Rb1+ 30. Kf2 Nxd4 31. Rxd4 Rc1 32. Red2 R7xc4 1/2-1/2

[Event "SRB Central-ch"]
[Site "Pirot"]
[Date "2022.11.20"]
[Round "6"]
[White "Delchev, Aleksander"]
[Black "Pap, Misa"]
[Result "1/2-1/2"]
[WhiteElo "2497"]
[BlackElo "2395"]
[PlyCount "101"]
[EventDate "2022.11.16"]
[EventType "swiss"]
[EventRounds "9"]
[EventCountry "SRB"]
[SourceTitle "CBM 211 Extra"]
[Source "ChessBase"]
[SourceDate "2023.01.31"]
[SourceVersion "1"]
[SourceVersionDate "2023.01.31"]
[SourceQuality "1"]

1. Nf3 c5 2. c4 g6 3. e4 Bg7 4. d4 cxd4 5. Nxd4 Nc6 6. Be3 Nf6 7. Nc3 d6 8. Be2 0-0 9. 0-0 Bd7 10. h3 Nxd4 11. Bxd4 Bc6 12. Qc2 a5 13. Rad1 Nd7 14. Bxg7 Kxg7 15. Bg4 Nc5 16. e5 f5 17. Be2 Rc8 18. Rfe1 Rc7 19. Nd5 Rd7 20. Qc3 Kf7 21. Qe3 Bxd5 22. cxd5 Rc7 23. Rc1 Kg7 24. Bf3 b6 25. e6 Rf6 26. b3 b5 27. Qd2 b4 28. Rc4 Qf8 29. Rec1 h6 30. h4 Qb8 31. g3 h5 32. Rf4 Qb6 33. Rcc4 Rc8 34. Qd4 Rcf8 35. Kg2 Kh7 36. Bd1 Qb7 37. f3 Qb6 38. Bc2 Qd8 39. Qd2 Qa8 40. Kh2 Kg7 41. Rfd4 Qa7 42. Rf4 Na6 43. Kg2 Qb7 44. Rfd4 Nc7 45. Rd3 Nb5 46. Bd1 Na3 47. Rc1 f4 48. g4 hxg4 49. fxg4 Rxe6 50. Bf3 Re5 51. Rd4 1/2-1/2

[Event "Bundesliga 2223"]
[Site "Germany"]
[Date "2022.10.23"]
[Round "2.3"]
[White "Delchev, Aleksander"]
[Black "Amin, Bassem"]
[Result "0-1"]
[WhiteElo "2503"]
[BlackElo "2667"]
[PlyCount "114"]
[EventDate "2022.10.21"]
[EventType "team-tourn"]
[EventRounds "15"]
[EventCountry "GER"]
[SourceTitle "CBM 211"]
[Source "ChessBase"]
[SourceDate "2022.12.31"]
[SourceVersion "1"]
[SourceVersionDate "2022.12.31"]
[SourceQuality "1"]
[WhiteTeam "Deggendorf"]
[BlackTeam "Viernheim"]
[WhiteTeamCountry "GER"]
[BlackTeamCountry "GER"]

1. e4 e5 2. Nf3 Nc6 3. Nc3 Nf6 4. Bb5 Bb4 5. 0-0 0-0 6. d3 Bxc3 7. bxc3 d6 8. Bg5 Qe7 9. Re1 Nd8 10. d4 Ne6 11. Bd2 c5 12. a4 Nc7 13. Bd3 Bg4 14. h3 Bh5 15. d5 h6 16. c4 Nh7 17. g4 Bg6 18. Kg2 Na6 19. c3 Rac8 20. Rh1 Nb8 21. Qe2 Nd7 22. Nh2 Rfe8 23. Nf1 Nhf8 24. h4 Bh7 25. h5 Rb8 26. Ng3 f6 27. a5 Rec8 28. Rhb1 Qd8 29. Be3 Rc7 30. Bc2 b6 31. a6 Qe7 32. f3 Re8 33. Ba4 Qd8 34. Bb5 Re7 35. Kf2 Qb8 36. Rg1 Kh8 37. Qd2 Qd8 38. Rg2 Nb8 39. Rag1 Bg8 40. Nf5 Nh7 41. Bxh6 gxh6 42. Qxh6 Rg7 43. Nh4 Bf7 44. Ng6+ Kg8 45. g5 fxg5 46. Rxg5 Bxg6 47. hxg6 Nxg5 48. Rxg5 Qf6 49. Be8 Qf4 50. Bf7+ Rcxf7 51. gxf7+ Qxf7 52. Rh5 Qg6 53. Qh8+ Kf7 54. Rf5+ Ke7 55. Qf8+ Kd7 56. Ke3 Kc7 57. Kd3 Rd7 0-1

[Event "Plovdiv Trainers and Students 2nd"]
[Site "Plovdiv"]
[Date "2022.10.05"]
[Round "9"]
[White "Delchev, Aleksander"]
[Black "Tilicheev, Viacheslav"]
[Result "1/2-1/2"]
[WhiteElo "2503"]
[BlackElo "2498"]
[PlyCount "54"]
[EventDate "2022.09.29"]
[EventType "swiss"]
[EventRounds "9"]
[EventCountry "BUL"]
[SourceTitle "CBM 210 Extra"]
[Source "ChessBase"]
[SourceDate "2022.11.30"]
[SourceVersion "1"]
[SourceVersionDate "2022.11.30"]
[SourceQuality "1"]

1. e4 c5 2. Nf3 Nc6 3. Bb5 e6 4. 0-0 Nge7 5. Re1 a6 6. Bf1 d5 7. exd5 Nxd5 8. d4 Nf6 9. Be3 cxd4 10. Nxd4 Bd7 11. c4 Be7 12. Nc3 0-0 13. Nf3 Ng4 14. Bf4 Nf6 15. Bd6 Bxd6 16. Qxd6 Qb8 17. Rad1 Rd8 18. Qxb8 Raxb8 19. b3 Be8 20. g3 Kf8 21. Bg2 Rxd1 22. Rxd1 Ke7 23. Nd4 Rc8 24. Kf1 Nxd4 25. Rxd4 Bc6 26. Bxc6 Rxc6 27. Rd3 Nd7 1/2-1/2

[Event "Plovdiv Trainers and Students 2nd"]
[Site "Plovdiv"]
[Date "2022.09.30"]
[Round "2"]
[White "Godena, Michele"]
[Black "Delchev, Aleksander"]
[Result "1/2-1/2"]
[WhiteElo "2478"]
[BlackElo "2503"]
[PlyCount "67"]
[EventDate "2022.09.29"]
[EventType "swiss"]
[EventRounds "9"]
[EventCountry "BUL"]
[SourceTitle "CBM 210 Extra"]
[Source "ChessBase"]
[SourceDate "2022.11.30"]
[SourceVersion "1"]
[SourceVersionDate "2022.11.30"]
[SourceQuality "1"]

1. e4 c5 2. c3 Nf6 3. e5 Nd5 4. d4 cxd4 5. Nf3 d6 6. cxd4 Nc6 7. Bc4 Nb6 8. Bb5 dxe5 9. Nxe5 Bd7 10. Nxd7 Qxd7 11. Nc3 e6 12. 0-0 Rd8 13. Be3 Be7 14. Qg4 0-0 15. Rad1 g6 16. d5 Nxd5 17. Bxa7 h5 18. Qf3 Qc7 19. Nxd5 Rxd5 20. Rxd5 exd5 21. Be3 Qe5 22. a4 Nd4 23. Bxd4 Qxd4 24. Rd1 Qxb2 25. Qxd5 Rd8 26. Qf3 Rxd1+ 27. Qxd1 Bc5 28. Qe2 Qa1+ 29. Qf1 Qd4 30. g3 h4 31. gxh4 Qxh4 32. Qg2 Kg7 33. Qf3 b6 34. h3 1/2-1/2

[Event "BL2-Ost 2122"]
[Site "Germany"]
[Date "2022.07.03"]
[Round "10.3"]
[White "Gaponenko, Inna"]
[Black "Delchev, Aleksander"]
[Result "1/2-1/2"]
[WhiteElo "2331"]
[BlackElo "2492"]
[PlyCount "54"]
[EventDate "2022.03.05"]
[EventType "team-tourn"]
[EventRounds "10"]
[EventCountry "GER"]
[SourceTitle "EXT 2023"]
[Source "ChessBase"]
[SourceDate "2022.10.05"]
[SourceVersion "1"]
[SourceVersionDate "2022.10.05"]
[SourceQuality "1"]
[WhiteTeam "Nickelhuette Aue"]
[BlackTeam "Deggendorf"]
[WhiteTeamCountry "GER"]
[BlackTeamCountry "GER"]

1. e4 c5 2. c3 Nf6 3. e5 Nd5 4. Nf3 d6 5. d4 cxd4 6. cxd4 Nc6 7. Bc4 Nb6 8. Bb5 dxe5 9. Nxe5 Bd7 10. Nxd7 Qxd7 11. Nc3 e6 12. 0-0 Rd8 13. Bg5 Be7 14. Bxe7 Qxe7 15. Qf3 0-0 16. Bxc6 bxc6 17. Qxc6 Rxd4 18. Rad1 Rc4 19. Qd6 Qb7 20. Qd3 Qc6 21. Qd6 Qa8 22. Rd3 Na4 23. Nxa4 Rxa4 24. a3 Rg4 25. g3 Rc4 26. Rfd1 Qb7 27. b4 h6 1/2-1/2

[Event "Cetinje June GM 01"]
[Site "Cetinje"]
[Date "2022.06.12"]
[Round "9"]
[White "Sukovic, Andrej"]
[Black "Delchev, Aleksander"]
[Result "1/2-1/2"]
[WhiteElo "2318"]
[BlackElo "2490"]
[PlyCount "26"]
[EventDate "2022.06.07"]
[EventType "swiss"]
[EventRounds "9"]
[EventCountry "MNE"]
[SourceTitle "CBM 208 Extra"]
[Source "ChessBase"]
[SourceDate "2022.07.31"]
[SourceVersion "1"]
[SourceVersionDate "2022.07.31"]
[SourceQuality "1"]

1. e4 e5 2. Nf3 Nc6 3. Bb5 a6 4. Ba4 Bc5 5. c3 Nge7 6. d4 exd4 7. cxd4 Bb4+ 8. Bd2 Bxd2+ 9. Qxd2 d5 10. exd5 Qxd5 11. Nc3 Qe6+ 12. Kf1 Qc4+ 13. Kg1 0-0 1/2-1/2

[Event "BL2-Ost 2122"]
[Site "Germany"]
[Date "2022.05.14"]
[Round "5.2"]
[White "Delchev, Aleksander"]
[Black "Schwabeneder, Florian"]
[Result "1/2-1/2"]
[WhiteElo "2492"]
[BlackElo "2435"]
[PlyCount "61"]
[EventDate "2022.03.05"]
[EventType "team-tourn"]
[EventRounds "10"]
[EventCountry "GER"]
[SourceTitle "EXT 2023"]
[Source "ChessBase"]
[SourceDate "2022.10.05"]
[SourceVersion "1"]
[SourceVersionDate "2022.10.05"]
[SourceQuality "1"]
[WhiteTeam "Deggendorf"]
[BlackTeam "Passau"]
[WhiteTeamCountry "GER"]
[BlackTeamCountry "GER"]

1. d4 Nf6 2. c4 g6 3. Nc3 Bg7 4. e4 d6 5. Be2 0-0 6. Nf3 Na6 7. Bf4 e5 8. dxe5 dxe5 9. Bxe5 Bg4 10. Nd2 Bxe2 11. Qxe2 Re8 12. Bxf6 Bxf6 13. 0-0 c6 14. Rac1 Qb6 15. Nf3 Nc5 16. e5 Re6 17. Qe3 Ree8 18. a3 Bg7 19. b4 Nd7 20. c5 Qc7 21. Ne4 Nxe5 22. Nd6 Nxf3+ 23. Qxf3 Re6 24. g3 Bf8 25. Nc4 b6 26. cxb6 axb6 27. Rfe1 Rae8 28. Rxe6 Rxe6 29. Ne3 Bh6 30. Rc3 b5 31. Kg2 1/2-1/2

[Event "Ayvalik Argistra"]
[Site "Ayvalik"]
[Date "2022.02.16"]
[Round "4"]
[White "Delchev, Aleksander"]
[Black "Dudin, Gleb"]
[Result "1/2-1/2"]
[WhiteElo "2486"]
[BlackElo "2482"]
[PlyCount "77"]
[EventDate "2022.02.14"]
[EventType "schev"]
[EventRounds "9"]
[EventCountry "TUR"]
[SourceTitle "CBM 206 Extra"]
[Source "ChessBase"]
[SourceDate "2022.03.31"]
[SourceVersion "1"]
[SourceVersionDate "2022.03.31"]
[SourceQuality "1"]
[WhiteTeam "Team B"]
[BlackTeam "Team C"]
[WhiteTeamCountry "TUR"]
[BlackTeamCountry "TUR"]

1. d4 Nf6 2. c4 e6 3. Nf3 d5 4. Nc3 dxc4 5. e4 b5 6. e5 Nd5 7. Nxb5 Nb6 8. a4 Ba6 9. Be2 Nc6 10. 0-0 Na5 11. Bg5 Qd7 12. d5 Nxd5 13. Bd2 Bb4 14. Bxb4 Nxb4 15. Qe1 Qe7 16. Nd6+ cxd6 17. Qxb4 Nb7 18. exd6 Qxd6 19. Qc3 0-0 20. Rfd1 Qb6 21. Ne5 Nc5 22. b4 cxb3 23. Bxa6 f6 24. Nd7 Nxd7 25. Rxd7 b2 26. Rb1 Qxa6 27. Rxb2 Rac8 28. Qe1 Rfd8 29. Rbb7 Rxd7 30. Rxd7 e5 31. Qd1 h6 32. h3 Qc4 33. Rxa7 Qd4 34. Qxd4 Rc1+ 35. Kh2 exd4 36. Rd7 Rc4 37. a5 Ra4 38. a6 Rxa6 39. Rxd4 1/2-1/2

[Event "Ayvalik Kumru"]
[Site "Ayvalik"]
[Date "2022.02.09"]
[Round "3"]
[White "Yilmazyerli, Mert"]
[Black "Delchev, Aleksander"]
[Result "0-1"]
[WhiteElo "2439"]
[BlackElo "2486"]
[PlyCount "138"]
[EventDate "2022.02.08"]
[EventType "schev"]
[EventRounds "9"]
[EventCountry "TUR"]
[SourceTitle "CBM 206 Extra"]
[Source "ChessBase"]
[SourceDate "2022.03.31"]
[SourceVersion "1"]
[SourceVersionDate "2022.03.31"]
[SourceQuality "1"]
[WhiteTeam "Team A"]
[BlackTeam "Team D"]
[WhiteTeamCountry "TUR"]
[BlackTeamCountry "TUN"]

1. Nf3 d5 2. g3 g6 3. Bg2 Bg7 4. d4 Nf6 5. 0-0 0-0 6. c4 c6 7. a4 a5 8. cxd5 cxd5 9. Qb3 Nc6 10. Nc3 Nb4 11. Bf4 Bf5 12. Rac1 Rc8 13. Ne5 Qb6 14. Rfd1 h6 15. h3 g5 16. Be3 e6 17. g4 Bh7 18. f4 gxf4 19. Bxf4 Qd8 20. Rf1 Ne4 21. Nb5 Qh4 22. Rxc8 Rxc8 23. Nxf7 Rf8 24. Nfd6 Nxd6 25. Bxd6 Rxf1+ 26. Kxf1 Nc2 27. Qc3 Bg6 28. Bg3 Qg5 29. Kg1 Qe3+ 30. Qxe3 Nxe3 31. Bc7 Bc2 32. Bxa5 Bxa4 33. Nc3 Bxd4 34. Nxa4 Nc4+ 35. Kf1 Nxa5 36. e4 Nc4 37. exd5 Ne3+ 38. Kf2 b5 39. Nc3 Nxd5+ 40. Ke2 Nf4+ 41. Kf3 Bxc3 42. Kxf4 Bxb2 43. g5 hxg5+ 44. Kxg5 Kf7 45. Kf4 Kf6 46. Bf1 b4 47. Bc4 Be5+ 48. Ke4 Bg3 49. Bb3 e5 50. Bc4 Kg5 51. Bb3 Bf4 52. Bc4 Kh4 53. Be6 Kg3 54. Kd3 Bh6 55. Ke4 Bg7 56. Ke3 Bf6 57. Ke4 Kf2 58. Bc4 Ke1 59. Kd3 Kd1 60. Bb3+ Kc1 61. Kc4 Be7 62. Ba4 Kb2 63. Bd1 Ka3 64. Bc2 Bf6 65. Bd1 e4 66. h4 Bg7 67. h5 e3 68. Kd3 Bh6 69. Bf3 b3 0-1